Quel est cette voiture ? - Statistiques

Statistiques générales
  • Ce quiz a été pris 348 fois
  • Le résultat moyen est 10 sur 20
Statistiques - réponses
Par images Réponse % Correct
Ford Mustang
79%
Audi A3
75%
Dacia Duster
74%
Porsche Cayenne
74%
Peugeot 206 CC
72%
Renault 4
68%
Nissan Juke
67%
Fiat 500
64%
Seat Ibiza
63%
Citroen 2CV
62%
Volkswagen Coccinelle
60%
Bmw Série 3
48%
Opel Corsa
47%
Subaru Impreza
47%
Tesla 3
23%
Skoda Superb
21%
Kia Soul
16%
Suzuki Vitara
11%
Alfa Romeo Giulia
10%
Hyundai IX35
3%
Aucun quiz correspondant
Distribution des résultats
% des personnes avec chaque résultat
Percentile par nombre de réponses
Votre historique - résultats
Vous n’avez pas pris ce quiz